Štatistické laboratórne praktiká

Na minha lista:
Detalhes bibliográficos
Autor principal: Bodjanová, Slávka
Autor Corporativo: Vysoká škola ekonomická v Bratislave. Fakulta riadenia
Outros Autores: Bolgáč, Ján, 1959-, Kvetko, Juraj
Formato: Livro
Idioma:eslovaco
Publicado em: Bratislava VŠE 1988
Edição:1. vyd.
Tags: Adicionar Tag
Sem tags, seja o primeiro a adicionar uma tag!

MARC

LEADER 00000nam a2200000 4500
001 c034291
005 20221219092419.2
041 0 |a slo 
044 |a SK 
245 1 0 |a Štatistické laboratórne praktiká  |c Slávka Bodjanová, Ján Bolgáč, Juraj Kvetko 
250 |a 1. vyd. 
264 1 |a Bratislava  |b VŠE  |c 1988 
300 |a 219 s. 
100 1 |a Bodjanová, Slávka 
700 1 |a Bolgáč, Ján, 1959- 
700 1 |a Kvetko, Juraj 
710 2 |a Vysoká škola ekonomická v Bratislave. Fakulta riadenia